<?xml version="1.0" encoding="UTF-8"?>
<record
    xmlns:xsi="http://www.w3.org/2001/XMLSchema-instance"
    xsi:schemaLocation="http://www.loc.gov/MARC21/slim http://www.loc.gov/standards/marcxml/schema/MARC21slim.xsd"
    xmlns="http://www.loc.gov/MARC21/slim">

  <leader>01320nam a2200325Ia 4500</leader>
  <datafield tag="952" ind1=" " ind2=" ">
    <subfield code="0">0</subfield>
    <subfield code="1">0</subfield>
    <subfield code="4">0</subfield>
    <subfield code="7">0</subfield>
    <subfield code="a">19</subfield>
    <subfield code="b">19</subfield>
    <subfield code="d">2015-02-25</subfield>
    <subfield code="l">1</subfield>
    <subfield code="o">HF5823 W4518 2007</subfield>
    <subfield code="p">19 000390</subfield>
    <subfield code="r">2015-02-24</subfield>
    <subfield code="s">2015-02-23</subfield>
    <subfield code="t">1</subfield>
    <subfield code="w">2013-09-12</subfield>
    <subfield code="y">LB</subfield>
  </datafield>
  <datafield tag="952" ind1=" " ind2=" ">
    <subfield code="0">0</subfield>
    <subfield code="1">0</subfield>
    <subfield code="4">0</subfield>
    <subfield code="7">0</subfield>
    <subfield code="a">19</subfield>
    <subfield code="b">19</subfield>
    <subfield code="d">2014-11-07</subfield>
    <subfield code="l">4</subfield>
    <subfield code="m">2</subfield>
    <subfield code="o">HF5823 W4518 2007</subfield>
    <subfield code="p">19 002065</subfield>
    <subfield code="r">2014-12-17</subfield>
    <subfield code="s">2014-12-16</subfield>
    <subfield code="t">2</subfield>
    <subfield code="w">2014-11-07</subfield>
    <subfield code="y">LB</subfield>
  </datafield>
  <datafield tag="952" ind1=" " ind2=" ">
    <subfield code="0">0</subfield>
    <subfield code="1">0</subfield>
    <subfield code="4">0</subfield>
    <subfield code="7">0</subfield>
    <subfield code="a">19</subfield>
    <subfield code="b">19</subfield>
    <subfield code="d">2015-06-10</subfield>
    <subfield code="l">0</subfield>
    <subfield code="o">HF5823 W4518 2007</subfield>
    <subfield code="p">19 002339</subfield>
    <subfield code="r">2015-06-10</subfield>
    <subfield code="t">3</subfield>
    <subfield code="w">2015-06-10</subfield>
    <subfield code="y">LB</subfield>
  </datafield>
  <datafield tag="999" ind1=" " ind2=" ">
    <subfield code="c">78047</subfield>
    <subfield code="d">78047</subfield>
  </datafield>
  <controlfield tag="005">20231102151229.0</controlfield>
  <controlfield tag="008">120630s2007    mx aod|       000 0 spa d</controlfield>
  <datafield tag="020" ind1=" " ind2=" ">
    <subfield code="a">9789702610878</subfield>
  </datafield>
  <datafield tag="050" ind1=" " ind2="4">
    <subfield code="a">HF5823</subfield>
    <subfield code="b">W4518 2007</subfield>
  </datafield>
  <datafield tag="100" ind1="1" ind2=" ">
    <subfield code="a">Wells, William.</subfield>
    <subfield code="e">autor</subfield>
  </datafield>
  <datafield tag="245" ind1="0" ind2="0">
    <subfield code="a">Publicidad</subfield>
    <subfield code="b">Principios y Pr&#xE1;cticas</subfield>
    <subfield code="c">William Wells</subfield>
  </datafield>
  <datafield tag="250" ind1=" " ind2=" ">
    <subfield code="a">7a edici&#xF3;n</subfield>
  </datafield>
  <datafield tag="260" ind1="3" ind2=" ">
    <subfield code="a">M&#xE9;xico</subfield>
    <subfield code="b">: Pearson Educaci&#xF3;n</subfield>
    <subfield code="c">, 2007</subfield>
  </datafield>
  <datafield tag="300" ind1=" " ind2=" ">
    <subfield code="a">592 p&#xE1;ginas</subfield>
  </datafield>
  <datafield tag="505" ind1=" " ind2=" ">
    <subfield code="a">Fundamentos
Planeaci&#xF3;n  y estrategia
Medios eficaces de publicidad
Mensajes publicitarios eficaces
Integraci&#xF3;n y evaluaci&#xF3;n</subfield>
  </datafield>
  <datafield tag="519" ind1=" " ind2=" ">
    <subfield code="a">Plan Flexible /</subfield>
    <subfield code="b">Psicolog&#xED;a /</subfield>
    <subfield code="c">Propaganda y publicidad (B22-3) /</subfield>
    <subfield code="d">(19 000390)</subfield>
  </datafield>
  <datafield tag="519" ind1=" " ind2=" ">
    <subfield code="a">Educaci&#xF3;n Mixta /</subfield>
    <subfield code="b">Psicolog&#xED;a /</subfield>
    <subfield code="c">Propaganda y publicidad (B22-2) /</subfield>
    <subfield code="d">(19 002339, 19 002065)</subfield>
  </datafield>
  <datafield tag="650" ind1="1" ind2="4">
    <subfield code="a">PUBLICIDAD</subfield>
    <subfield code="x">FUNDAMENTOS</subfield>
  </datafield>
  <datafield tag="650" ind1="1" ind2="4">
    <subfield code="a">PUBLICIDAD</subfield>
    <subfield code="x">PLANEACI&#xD3;N Y ESTRAT&#xC9;GIA</subfield>
  </datafield>
  <datafield tag="650" ind1="1" ind2="4">
    <subfield code="a">MEDIOS EFICACES</subfield>
    <subfield code="x">PUBLICIDAD</subfield>
  </datafield>
  <datafield tag="650" ind1="1" ind2="4">
    <subfield code="a">MENSAJES PUBLICITARIOS EFICACES</subfield>
  </datafield>
  <datafield tag="650" ind1="1" ind2="4">
    <subfield code="a">INTEGRACI&#xD3;N Y EVALUACI&#xD3;N (PUBLICIDAD)</subfield>
  </datafield>
  <datafield tag="700" ind1="1" ind2=" ">
    <subfield code="a">MORIARTY, Sandra</subfield>
    <subfield code="e">coautor</subfield>
  </datafield>
  <datafield tag="700" ind1="1" ind2=" ">
    <subfield code="a">BURNETT, John.</subfield>
    <subfield code="e">coautor</subfield>
  </datafield>
  <datafield tag="700" ind1="1" ind2=" ">
    <subfield code="a">MORIARTY, Sandra.</subfield>
    <subfield code="e">coautor</subfield>
  </datafield>
  <datafield tag="700" ind1="1" ind2=" ">
    <subfield code="a">HERRERO, Maria.</subfield>
    <subfield code="e">traductor</subfield>
  </datafield>
  <datafield tag="700" ind1="1" ind2=" ">
    <subfield code="a">RAMOS SOLANO, Mar&#xED;a de los &#xC1;ngeles</subfield>
    <subfield code="e">rev. tec.</subfield>
  </datafield>
  <datafield tag="856" ind1=" " ind2=" ">
    <subfield code="a">[PTA{}]www.pearsoneducacion.net/wells&#xCC;</subfield>
  </datafield>
  <datafield tag="942" ind1=" " ind2=" ">
    <subfield code="c">LB</subfield>
    <subfield code="2">lcc</subfield>
  </datafield>
</record>
